000 01261 a2200289 4500
001 41189
005 20260407155705.0
008 260407a2004 arg spa d
003 AR-UNSa-BCEJYS
040 _aAR-UNSa-BCEJYS
_bspa
_cAR-UNSa-BCEJYS
080 _a347.736
_xQuiebra. Insolvencia. Suspensión de pagos. Bancarrota, procedimientos. Derecho Concursal
245 1 0 _aReestructuración de deudas y facultades judiciales
_pdoctrina y jurisprudencia aplicables
020 _a950-894-472-2
264 1 _aBuenos Aires :
_bAD-HOC
_c2004
300 _a338 p.
_c23 cm.
505 _a1. Alcances del desapoderamiento concursal - 2. Acuerdo preventivo extrajudicial. Requisitos de forma. Condiciones para la homologación - 3. Exclusión de voto - 4. Propuestas abusivas y facultades homologatorias del juez - 5. El pedido de quiebra frente a la ejecución individual.
041 _aspa
942 _cBK
590 _aniveau_biblio:m niveau_hierar:0
100 1 _aArecha, Martín
700 1 _aVítolo, Daniel Roque
700 1 _aBargalló, M.
700 1 _aLorente, Javier A.
700 1 _aMonti, José Luis
700 1 _aRichard, Efraín Hugo
856 4 1 _uhttps://biblioeco.unsa.edu.ar/pmb/images/libros/L126422.jpg
_yImagen de portada
_qimage/jpeg
999 _c3409
_d3409